00691cam a22002173a 450000100060000000300060000600500170001200800410002904000150007004200070008505000070009210000200009924500990011926000290021850600300024751600200027765300450029765300600034283000290040285600420043120134PGUSA20140828083427.0061219s2006||||xxu|||||s|||||000 1 eng d aPGUSAbeng adc 4aPZ1 aHope, Laura Lee10aBunny Brown and His Sister Sue at Christmas Tree Coveh[electronic resource] /cLaura Lee Hope bProject Gutenberg,c2006 aPublic domain in the USA. aElectronic text aBrothers and sisters -- Juvenile fiction aBrown, Bunny (Fictitious character) -- Juvenile fiction 0aProject Gutenbergv2013440uhttp://www.gutenberg.org/ebooks/20134